Rural development: an inside look at problems and prospects (Record no. 355081)

000 -LEADER
fixed length control field 00376cam a22001217a 4500
008 - FIXED-LENGTH DATA ELEMENTS--GENERAL INFORMATION
fixed length control field 180718b1988 xxu||||| |||| 00| 0 eng d
082 ## - DEWEY DECIMAL CLASSIFICATION NUMBER
Classification number B136x54 St46r CRS
245 ## - TITLE STATEMENT
Title Rural development: an inside look at problems and prospects
Statement of responsibility, etc. edited by R. Subramanian
260 ## - PUBLICATION, DISTRIBUTION, ETC.
Place of publication, distribution, etc. Delhi
Name of publisher, distributor, etc. Yatan
Date of publication, distribution, etc. 1988
300 ## - PHYSICAL DESCRIPTION
Extent 249p.
650 ## - SUBJECT ADDED ENTRY--TOPICAL TERM
Topical term or geographic name entry element Rural development - India
700 ## - ADDED ENTRY--PERSONAL NAME
Personal name Subramanian, R.
Holdings
Withdrawn status Lost status Damaged status Not for loan Permanent Location Current Location Date acquired Full call number Barcode Date last seen Price effective from Koha item type
        Indian Institute of Public Administration Indian Institute of Public Administration 1993-12-16 B136x54 St46r CRS 63989 2018-07-21 2018-07-21 Book

Powered by Koha